000 00586nam a2200193Ia 4500
005 20250423100359.0
008 250422s9999 xx 000 0 und d
020 _a9780137005628
050 _aQA 76.64 .B385/
100 _aBarnes, David J.
245 0 _aObjects first with Java : a practical introduction using BlueJ
250 _a4th ed.
260 _aHarlow
260 _bPrentice Hall
260 _c2009
300 _a516 p
650 _aObject-oriented programming (Computer science) Java (Computer program language) Computer science _ Study and teaching
942 _cBK
999 _c33131
_d33131